[Event "Port de Pollenca"]
[Site "Port de Pollenca"]
[Date "2016.05.20"]
[Round "7"]
[White "Kolotilina, Liudmila"]
[Black "Panelo Munoz, Marcelo A"]
[Result "0-1"]
[WhiteElo "2136"]
[BlackElo "2388"]
[PlyCount "96"]
[EventDate "2016.05.16"]
[EventType "tourn"]
[EventRounds "9"]
[EventCountry "ESP"]
[EventCategory "6"]
[SourceTitle "CBM 172 Extra"]
[Source "ChessBase"]
[SourceDate "2016.06.21"]
[SourceVersion "1"]
[SourceVersionDate "2016.06.21"]
[SourceQuality "1"]

1. e4 c5 2. Nf3 d6 3. d4 cxd4 4. Nxd4 Nf6 5. Nc3 Nc6 6. Bc4 e5 7. Nf5 Bxf5 8. exf5 Qd7 9. Bg5 Be7 10. Bxf6 Bxf6 11. Nd5 Rc8 12. Qd3 0-0 13. 0-0-0 Ne7 14. Bb5 Qd8 15. Nxf6+ gxf6 16. Qxd6 Nxf5 17. Qxd8 Rcxd8 18. Bd3 Nd6 19. Rhe1 Rfe8 20. Be4 f5 21. Bd5 Kg7 22. g3 Kf6 23. Re3 Re7 24. Ra3 Nb5 25. Rad3 b6 26. Bc4 Nd4 27. c3 Rc8 28. Ba6 Rc5 29. Kb1 Ne6 30. Rd6 Rec7 31. Be2 Ke7 32. Bf1 R5c6 33. R6d5 Rc5 34. Rd6 f4 35. Bh3 fxg3 36. hxg3 R5c6 37. R6d5 Rc5 38. Bxe6 Kxe6 39. Rd6+ Kf5 40. Rh6 f6 41. Rdh1 Rd7 42. Rxh7 Rd2 43. R7h2 Rb5 44. b3 Rbd5 45. f4 e4 46. Kc1 Rxh2 47. Rxh2 Kg4 48. Rh6 e3 0-1

[Event "Port de Pollenca"]
[Site "Port de Pollenca"]
[Date "2016.05.18"]
[Round "3"]
[White "Kolotilina, Liudmila"]
[Black "Lintchevski, Daniil"]
[Result "0-1"]
[WhiteElo "2136"]
[BlackElo "2566"]
[PlyCount "104"]
[EventDate "2016.05.16"]
[EventType "tourn"]
[EventRounds "9"]
[EventCountry "ESP"]
[EventCategory "6"]
[SourceTitle "CBM 172 Extra"]
[Source "ChessBase"]
[SourceDate "2016.06.21"]
[SourceVersion "1"]
[SourceVersionDate "2016.06.21"]
[SourceQuality "1"]

1. e4 c5 2. Nf3 Nf6 3. Nc3 Nc6 4. g3 g6 5. Bg2 Bg7 6. 0-0 0-0 7. d4 cxd4 8. Nxd4 d6 9. Nxc6 bxc6 10. e5 dxe5 11. Qxd8 Rxd8 12. Bxc6 Rb8 13. Rd1 Rxd1+ 14. Nxd1 Bb7 15. Bxb7 Rxb7 16. c4 Nd7 17. Be3 e4 18. Rc1 Ne5 19. c5 Nc6 20. b3 f5 21. Nc3 Bxc3 22. Rxc3 Kf7 23. Kf1 Ke6 24. Rc4 Kd5 25. Ke2 e5 26. h4 a5 27. Kf1 Rb4 28. Rc3 Rb8 29. Rc4 Rb7 30. Ke2 Nd4+ 31. Ke1 Rc7 32. Bd2 Nf3+ 33. Ke2 Nxd2 34. Kxd2 Rxc5 35. Ra4 Kc6 36. b4 Rd5+ 37. Ke2 axb4 38. Rxb4 Ra5 39. Rc4+ Kd5 40. Rc2 Ra3 41. Rd2+ Ke6 42. Rb2 f4 43. g4 Ra6 44. Kf1 h5 45. gxh5 gxh5 46. Kg2 Kf5 47. Kh3 Ra3+ 48. Kg2 e3 49. f3 Rd3 50. Re2 Rd2 51. Kf1 Rxe2 52. Kxe2 Ke6 0-1

[Event "Port de Pollenca"]
[Site "Port de Pollenca"]
[Date "2016.05.17"]
[Round "2"]
[White "Del Rio de Angelis, Salvador Gabriel"]
[Black "Kolotilina, Liudmila"]
[Result "1-0"]
[WhiteElo "2541"]
[BlackElo "2136"]
[PlyCount "57"]
[EventDate "2016.05.16"]
[EventType "tourn"]
[EventRounds "9"]
[EventCountry "ESP"]
[EventCategory "6"]
[SourceTitle "CBM 172 Extra"]
[Source "ChessBase"]
[SourceDate "2016.06.21"]
[SourceVersion "1"]
[SourceVersionDate "2016.06.21"]
[SourceQuality "1"]

1. d4 d5 2. c4 e6 3. Nc3 c6 4. Nf3 dxc4 5. a4 Bb4 6. e4 b5 7. Be2 Bb7 8. 0-0 a6 9. e5 Ne7 10. Ne4 Nd5 11. Bd2 Be7 12. Nfg5 0-0 13. Bh5 Bc8 14. axb5 f5 15. exf6 Nxf6 16. Nc5 Bxc5 17. dxc5 h6 18. Nf7 Qd5 19. Bf3 Qxc5 20. Be3 Qxb5 21. Nd6 Qb3 22. Nxc8 Rxc8 23. Qd6 Re8 24. Bd4 Nbd7 25. Bxc6 e5 26. Bxa8 exd4 27. Bc6 Qb6 28. Rxa6 Qd8 29. Qxd4 1-0

[Event "Llucmajor op 5th"]
[Site "Llucmajor"]
[Date "2016.05.12"]
[Round "6"]
[White "Lacrosse, Marc"]
[Black "Kolotilina, Liudmila"]
[Result "1-0"]
[WhiteElo "2253"]
[BlackElo "2136"]
[PlyCount "63"]
[EventDate "2016.05.08"]
[EventType "swiss"]
[EventRounds "9"]
[EventCountry "ESP"]
[SourceTitle "CBM 172 Extra"]
[Source "ChessBase"]
[SourceDate "2016.06.21"]
[SourceVersion "1"]
[SourceVersionDate "2016.06.21"]
[SourceQuality "1"]

1. d4 d5 2. c4 e6 3. Nc3 c6 4. e4 dxe4 5. Nxe4 Bb4+ 6. Nc3 Nf6 7. Nf3 c5 8. Be3 Nc6 9. a3 cxd4 10. Nxd4 Bxc3+ 11. bxc3 0-0 12. Be2 Bd7 13. 0-0 e5 14. Nb5 Qe7 15. Nc7 Rad8 16. Nd5 Qd6 17. Bg5 Bf5 18. Bxf6 gxf6 19. Qb3 Kh8 20. Rfd1 b6 21. Qa4 Rc8 22. Ne3 Qe6 23. c5 Rg8 24. Bc4 Qe7 25. Nxf5 Qxc5 26. Nd6 Nd4 27. cxd4 Qxd6 28. dxe5 Qxe5 29. Bxf7 Rg7 30. Re1 b5 31. Rxe5 bxa4 32. Re8+ 1-0

[Event "Balears-ch (Women)"]
[Site "Palma de Mallorca"]
[Date "2016.03.26"]
[Round "3"]
[White "Kolotilina, Liudmila"]
[Black "Boix Pons, Catalina"]
[Result "1-0"]
[WhiteElo "2131"]
[BlackElo "1820"]
[PlyCount "61"]
[EventDate "2016.03.25"]
[EventType "tourn"]
[EventRounds "7"]
[EventCountry "ESP"]
[SourceTitle "CBM 171 Extra"]
[Source "ChessBase"]
[SourceDate "2016.04.26"]
[SourceVersion "1"]
[SourceVersionDate "2016.04.26"]
[SourceQuality "1"]

1. e4 c5 2. Nf3 d6 3. d4 cxd4 4. Nxd4 Nf6 5. Nc3 a6 6. f3 e6 7. Be3 Be7 8. Qd2 Nc6 9. 0-0-0 Qc7 10. g4 b5 11. g5 Nd7 12. h4 Nde5 13. f4 Nc4 14. Ncxb5 axb5 15. Nxb5 Rxa2 16. Nxc7+ Kd7 17. Kb1 Rxb2+ 18. Kc1 Nxd2 19. Bxd2 Ra2 20. Nb5 Bb7 21. Bc3 f6 22. gxf6 gxf6 23. Rg1 e5 24. Rg7 Nd4 25. Nxd4 exd4 26. Bb5+ Kd8 27. Rxd4 f5 28. e5 d5 29. Bd3 Ra7 30. Bb4 Bxh4 31. Bc5 1-0